000
00255nam a2200109Ia 4500
008
220204s9999 xx 000 0 und d
082
_a
347.7
_b
GUP
100
_a
GUPTA, O P
245
0
_a
Mercantile law
260
_a
Delhi
_b
Shree Mahavir
_c
1979
942
_c
BK
999
_c
32467
_d
32467